<?xml version="1.0" encoding="UTF-8"?>
<record
    xmlns:xsi="http://www.w3.org/2001/XMLSchema-instance"
    xsi:schemaLocation="http://www.loc.gov/MARC21/slim http://www.loc.gov/standards/marcxml/schema/MARC21slim.xsd"
    xmlns="http://www.loc.gov/MARC21/slim">

  <leader>00943nam a22002057a 4500</leader>
  <controlfield tag="003">OSt</controlfield>
  <controlfield tag="005">20240408104931.0</controlfield>
  <controlfield tag="008">230704s2016    ag ||||| |||| 00| p spa d</controlfield>
  <datafield tag="020" ind1=" " ind2=" ">
    <subfield code="a">9789871912490</subfield>
  </datafield>
  <datafield tag="040" ind1=" " ind2=" ">
    <subfield code="b">spa</subfield>
    <subfield code="c">besoc</subfield>
  </datafield>
  <datafield tag="100" ind1="1" ind2=" ">
    <subfield code="a">Oliva, Aldo</subfield>
    <subfield code="d">(1927-2000)</subfield>
    <subfield code="e">autor</subfield>
  </datafield>
  <datafield tag="245" ind1="1" ind2="0">
    <subfield code="a">Poes&#xED;a completa /</subfield>
    <subfield code="c">Aldo Oliva ; pr&#xF3;logo y notas Roberto Garc&#xED;a</subfield>
  </datafield>
  <datafield tag="250" ind1=" " ind2=" ">
    <subfield code="a">2a ed.</subfield>
  </datafield>
  <datafield tag="260" ind1=" " ind2=" ">
    <subfield code="a">Rosario :</subfield>
    <subfield code="b">emr,</subfield>
    <subfield code="c">2016</subfield>
  </datafield>
  <datafield tag="300" ind1=" " ind2=" ">
    <subfield code="a">372 p.</subfield>
  </datafield>
  <datafield tag="505" ind1=" " ind2=" ">
    <subfield code="a">Pr&#xF3;logo / por Roberto Garc&#xED;a -- C&#xE9;sar en Dyrrachium (1986) -- De fascinatione (1977): Huellas, Epigraphica del Ehret, D&#xE9;lficas, Mitogr&#xE1;ficas, De fascinatione -- Ese General Belgrano y otros poemas (2000): Im&#xE1;genes renuentes, Avizoramientos en espejo retrovisor, Ese General Belgrano -- Una batalla (2002): Poemas discontinuos 1972-1996, Poemas 1998-200, Satura, Versiones.</subfield>
  </datafield>
  <datafield tag="650" ind1=" " ind2=" ">
    <subfield code="a">Literatura Argentina</subfield>
    <subfield code="v">Poes&#xED;a</subfield>
    <subfield code="x">Siglo XX</subfield>
  </datafield>
  <datafield tag="700" ind1="1" ind2=" ">
    <subfield code="a">Garc&#xED;a, Roberto </subfield>
    <subfield code="e">prologuista</subfield>
  </datafield>
  <datafield tag="942" ind1=" " ind2=" ">
    <subfield code="2">udc</subfield>
    <subfield code="c">OG</subfield>
    <subfield code="n">0</subfield>
  </datafield>
  <datafield tag="999" ind1=" " ind2=" ">
    <subfield code="c">18</subfield>
    <subfield code="d">18</subfield>
  </datafield>
  <datafield tag="952" ind1=" " ind2=" ">
    <subfield code="0">0</subfield>
    <subfield code="1">0</subfield>
    <subfield code="2">udc</subfield>
    <subfield code="4">0</subfield>
    <subfield code="7">0</subfield>
    <subfield code="8">CG</subfield>
    <subfield code="a">ESOCIALES</subfield>
    <subfield code="b">ESOCIALES</subfield>
    <subfield code="d">2023-08-31</subfield>
    <subfield code="l">1</subfield>
    <subfield code="o">82-1(821.6) OL48</subfield>
    <subfield code="p">000040</subfield>
    <subfield code="q">2026-05-22</subfield>
    <subfield code="r">2026-05-07 13:40:10</subfield>
    <subfield code="s">2026-05-07</subfield>
    <subfield code="w">2023-08-31</subfield>
    <subfield code="y">OG</subfield>
  </datafield>
</record>
